[Event "POR-chT 50th"]
[Site "Evora"]
[Date "2008.07.27"]
[Round "2"]
[White "Korneev, Oleg"]
[Black "Cuenca Jimenez, Jose Fernando"]
[Result "1/2-1/2"]
[WhiteElo "2631"]
[BlackElo "2448"]
[PlyCount "86"]
[EventDate "2008.07.26"]
[EventType "team-tourn"]
[EventRounds "9"]
[EventCountry "POR"]
[SourceTitle "EXT 2009"]
[Source "ChessBase"]
[SourceDate "2008.11.26"]
[SourceVersion "1"]
[SourceVersionDate "2008.11.26"]
[SourceQuality "1"]

1. e4 d6 2. d4 Nf6 3. Nc3 e5 4. Nf3 Nbd7 5. Bc4 Be7 6. O-O O-O 7. Re1 c6 8. a4
b6 9. Ba2 a6 10. Be3 Ng4 11. Bd2 Ngf6 12. h3 Rb8 13. Be3 b5 14. axb5 axb5 15.
Nd2 c5 16. d5 Ne8 17. Ne2 Bg5 18. Bxg5 Qxg5 19. Nf3 Qh6 20. Ng3 g6 21. Qc1 Qxc1
22. Rexc1 Nc7 23. c3 Nb6 24. Bb3 f5 25. Ra7 Rb7 26. Rca1 c4 27. Bc2 f4 28. Ne2
Rxa7 29. Rxa7 Rf7 30. Ra5 Rf8 31. Nc1 Bb7 32. Na2 Ra8 33. Rxa8+ Nbxa8 34. g3
fxg3 35. fxg3 Na6 36. Kf2 Nb6 37. Ke3 Nc5 38. Nd2 Bc8 39. h4 Kf7 40. b3 Bg4 41.
Nb4 Kf6 42. bxc4 Nca4 43. Bxa4 bxa4 1/2-1/2

[Event "POR-chT 50th"]
[Site "Evora"]
[Date "2008.07.28"]
[Round "3"]
[White "Cuenca Jimenez, Jose Fernando"]
[Black "Damaso, Rui"]
[Result "0-1"]
[WhiteElo "2448"]
[BlackElo "2441"]
[PlyCount "90"]
[EventDate "2008.07.26"]
[EventType "team-tourn"]
[EventRounds "9"]
[EventCountry "POR"]
[SourceTitle "EXT 2009"]
[Source "ChessBase"]
[SourceDate "2008.11.26"]
[SourceVersion "1"]
[SourceVersionDate "2008.11.26"]
[SourceQuality "1"]

1. e4 c5 2. Nf3 d6 3. d4 cxd4 4. Nxd4 Nf6 5. Nc3 e6 6. Bg5 Be7 7. f4 h6 8. Bh4
Nc6 9. Nb3 Nxe4 10. Bxe7 Nxc3 11. Bxd8 Nxd1 12. Rxd1 Kxd8 13. Rxd6+ Kc7 14. Rd2
b6 15. Bb5 Bb7 16. Bxc6 Bxc6 17. O-O Rad8 18. Nd4 a6 19. Re1 Rhe8 20. c3 Bb7
21. Rde2 Rd5 22. Re5 g6 23. h4 Kd6 24. Kf2 Rxe5 25. fxe5+ Ke7 26. Nc2 Rd8 27.
Ne3 b5 28. g3 Rd2+ 29. Re2 Rd3 30. Nf1 Bd5 31. a3 Rf3+ 32. Ke1 Bc4 33. Rf2 Rxf2
34. Kxf2 Bxf1 35. Kxf1 Kd7 36. Ke2 Kc6 37. Kd3 Kd5 38. b4 Kxe5 39. c4 bxc4+ 40.
Kxc4 Kd6 41. a4 e5 42. g4 f6 43. b5 axb5+ 44. Kxb5 e4 45. Kc4 h5 0-1

[Event "POR-chT 50th"]
[Site "Evora"]
[Date "2008.07.29"]
[Round "4"]
[White "Galego, Luis"]
[Black "Cuenca Jimenez, Jose Fernando"]
[Result "0-1"]
[WhiteElo "2506"]
[BlackElo "2448"]
[PlyCount "104"]
[EventDate "2008.07.26"]
[EventType "team-tourn"]
[EventRounds "9"]
[EventCountry "POR"]
[SourceTitle "EXT 2009"]
[Source "ChessBase"]
[SourceDate "2008.11.26"]
[SourceVersion "1"]
[SourceVersionDate "2008.11.26"]
[SourceQuality "1"]

1. d4 d6 2. e4 Nf6 3. Nc3 e5 4. Nf3 Nbd7 5. Bc4 Be7 6. O-O O-O 7. a4 c6 8. Re1
b6 9. Bg5 a6 10. dxe5 Nxe5 11. Be2 Rb8 12. Nd4 b5 13. axb5 axb5 14. f4 Qb6 15.
h3 Ng6 16. f5 Ne5 17. Bf1 b4 18. Na4 Qc7 19. Nf3 Nfg4 20. Bxe7 Nxf3+ 21. Qxf3
Ne5 22. Qf2 Qxe7 23. Nb6 Re8 24. Rad1 Qf6 25. b3 h6 26. Rd2 Bb7 27. Nc4 Nxc4
28. Bxc4 c5 29. Bd5 Re5 30. Bxb7 Rxb7 31. Red1 Rd7 32. Qf4 g5 33. Qf3 Qe7 34.
f6 Qe6 35. Re2 Rd8 36. Rd5 Re8 37. Red2 Rxe4 38. Rxd6 Re1+ 39. Kh2 Qe5+ 40. g3
Re2+ 41. Rxe2 Qxe2+ 42. Qg2 Qxg2+ 43. Kxg2 Re2+ 44. Kf3 Rxc2 45. Kg4 Kh7 46.
Kh5 Rf2 47. h4 gxh4 48. gxh4 Rf5+ 49. Kg4 Kg6 50. Rc6 Rd5 51. Kf4 Rd4+ 52. Ke5
Rxh4 0-1

[Event "POR-chT 50th"]
[Site "Evora"]
[Date "2008.07.30"]
[Round "5"]
[White "Cuenca Jimenez, Jose Fernando"]
[Black "Zarzo Lopez, Tomas"]
[Result "1-0"]
[WhiteElo "2448"]
[BlackElo "2285"]
[PlyCount "89"]
[EventDate "2008.07.26"]
[EventType "team-tourn"]
[EventRounds "9"]
[EventCountry "POR"]
[SourceTitle "EXT 2009"]
[Source "ChessBase"]
[SourceDate "2008.11.26"]
[SourceVersion "1"]
[SourceVersionDate "2008.11.26"]
[SourceQuality "1"]

1. c4 e6 2. Nf3 d5 3. b3 Nf6 4. g3 Nbd7 5. Bg2 Bd6 6. d4 c6 7. Bb2 b6 8. O-O
O-O 9. Nc3 Ba6 10. Nd2 Rc8 11. e4 Bb4 12. e5 Ne8 13. Re1 Nc7 14. a3 Be7 15. b4
Nb8 16. c5 Bd3 17. h4 h6 18. Ne2 Nd7 19. Nf4 Bh7 20. Rc1 bxc5 21. dxc5 a5 22.
Nb3 axb4 23. axb4 Nb5 24. Bf1 Qc7 25. Bxb5 cxb5 26. Nd4 Qb8 27. Qe2 Be4 28. f3
Bh7 29. Nxb5 g5 30. hxg5 hxg5 31. Ng2 g4 32. f4 Be4 33. Qxg4+ Bg6 34. Qe2 Kh8
35. Bc3 Rg8 36. Nd6 Rcf8 37. Kf2 Rg7 38. Rh1+ Kg8 39. Rh2 d4 40. Rch1 Bh7 41.
Bd2 Bxd6 42. cxd6 f6 43. Qc4 fxe5 44. Qxe6+ Rff7 45. Rxh7 1-0

[Event "POR-chT 50th"]
[Site "Evora"]
[Date "2008.07.31"]
[Round "6"]
[White "Riazantsev, Alexander"]
[Black "Cuenca Jimenez, Jose Fernando"]
[Result "1-0"]
[WhiteElo "2617"]
[BlackElo "2448"]
[PlyCount "57"]
[EventDate "2008.07.26"]
[EventType "team-tourn"]
[EventRounds "9"]
[EventCountry "POR"]
[SourceTitle "EXT 2009"]
[Source "ChessBase"]
[SourceDate "2008.11.26"]
[SourceVersion "1"]
[SourceVersionDate "2008.11.26"]
[SourceQuality "1"]

1. d4 Nf6 2. c4 g6 3. Nc3 Bg7 4. e4 d6 5. h3 O-O 6. Be3 e5 7. d5 a5 8. g4 c6 9.
Nf3 Na6 10. Nd2 cxd5 11. cxd5 Nd7 12. a3 f5 13. gxf5 gxf5 14. exf5 Nf6 15. Nde4
Nxe4 16. Nxe4 Bxf5 17. Bd3 Nc5 18. Nxc5 dxc5 19. Bxf5 Rxf5 20. Rg1 Qf6 21. Qg4
Rf8 22. Bxc5 Rf7 23. Rd1 h5 24. Qe2 Rd7 25. Be3 Qf7 26. Bh6 Qf6 27. Qc2 Rf7 28.
d6 Qxh6 29. d7 1-0

[Event "POR-chT 50th"]
[Site "Evora"]
[Date "2008.08.01"]
[Round "7"]
[White "Cuenca Jimenez, Jose Fernando"]
[Black "Bartel, Mateusz"]
[Result "0-1"]
[WhiteElo "2448"]
[BlackElo "2579"]
[PlyCount "42"]
[EventDate "2008.07.26"]
[EventType "team-tourn"]
[EventRounds "9"]
[EventCountry "POR"]
[SourceTitle "EXT 2009"]
[Source "ChessBase"]
[SourceDate "2008.11.26"]
[SourceVersion "1"]
[SourceVersionDate "2008.11.26"]
[SourceQuality "1"]

1. e4 e6 2. d4 d5 3. Nc3 Nf6 4. e5 Nfd7 5. f4 c5 6. Nf3 Nc6 7. Be3 Be7 8. Qd2
O-O 9. O-O-O c4 10. g4 b5 11. Nxb5 Rb8 12. Nd6 Nb6 13. b3 Bxd6 14. exd6 Qxd6
15. c3 Na4 16. Qc2 Qa3+ 17. Kd2 cxb3 18. axb3 Rxb3 19. Ra1 Qxa1 20. Qxb3 Na5
21. Qc2 Nc4+ 0-1

[Event "POR-chT 50th"]
[Site "Evora"]
[Date "2008.08.02"]
[Round "8"]
[White "Alsina Leal, Daniel"]
[Black "Cuenca Jimenez, Jose Fernando"]
[Result "1/2-1/2"]
[WhiteElo "2517"]
[BlackElo "2448"]
[PlyCount "118"]
[EventDate "2008.07.26"]
[EventType "team-tourn"]
[EventRounds "9"]
[EventCountry "POR"]
[SourceTitle "EXT 2009"]
[Source "ChessBase"]
[SourceDate "2008.11.26"]
[SourceVersion "1"]
[SourceVersionDate "2008.11.26"]
[SourceQuality "1"]

1. e4 d6 2. d4 Nf6 3. Nc3 e5 4. Nf3 Nbd7 5. g4 Nxg4 6. Rg1 Ngf6 7. Bc4 h6 8.
Be3 c6 9. dxe5 dxe5 10. Qd3 b5 11. Bb3 Qc7 12. a4 Qa5 13. O-O-O b4 14. Nb1 Ba6
15. Bxf7+ Kxf7 16. Qb3+ Ke7 17. Nh4 Kd8 18. Ng6 Rg8 19. Rxd7+ Kxd7 20. Rd1+ Kc8
21. Nxf8 Rxf8 22. Qe6+ Kb7 23. Qe7+ Qc7 24. Qxb4+ Bb5 25. axb5 Rad8 26. bxc6+
Ka8 27. Rxd8+ Rxd8 28. Qa4 Rd6 29. Nc3 Rxc6 30. Bxa7 Rc4 31. Qa6 Qc8 32. Qa5
Kb7 33. Be3 Qc7 34. Qa7+ Kc8 35. Qa8+ Kd7 36. Qf8 Ke6 37. f3 Qe7 38. Qxe7+ Kxe7
39. Kd2 g5 40. Kd3 Rc8 41. b4 Ke6 42. Nb5 g4 43. fxg4 Nxg4 44. Bd2 Nf2+ 45. Ke3
Rxc2 46. Na3 Ra2 47. Nc4 Ng4+ 48. Kd3 h5 49. h4 Nf2+ 50. Ke3 Ng4+ 51. Kd3 Kd7
52. b5 Ra1 53. b6 Kc6 54. Bg5 Rd1+ 55. Kc3 Rd7 56. Bd2 Re7 57. Bg5 Rd7 58. Bd2
Kc5 59. Bg5 Kc6 1/2-1/2

[Event "ESP-chT Gp1"]
[Site "Burguillos"]
[Date "2008.08.13"]
[Round "1"]
[White "Escobar Felix, Eduardo"]
[Black "Cuenca Jimenez, Jose Fernando"]
[Result "0-1"]
[WhiteElo "2153"]
[BlackElo "2448"]
[PlyCount "92"]
[EventDate "2008.08.13"]
[EventType "team"]
[EventRounds "6"]
[EventCountry "ESP"]
[SourceTitle "CBM 126 Extra"]
[Source "ChessBase"]
[SourceDate "2008.11.05"]
[SourceVersion "1"]
[SourceVersionDate "2008.11.05"]
[SourceQuality "1"]

1. Nf3 Nf6 2. b3 g6 3. Bb2 Bg7 4. c4 c5 5. e4 d6 6. Be2 O-O 7. d3 Nc6 8. h3 e6
9. O-O d5 10. cxd5 exd5 11. Nbd2 Re8 12. Re1 d4 13. Qc2 b6 14. a3 a5 15. Nc4 h6
16. Bc1 Be6 17. Bf4 Nd7 18. Rec1 g5 19. Bh2 h5 20. Nd6 Rf8 21. Qd2 g4 22. Ng5
Nde5 23. Nf5 Bxf5 24. exf5 Qf6 25. Qf4 Bh6 26. h4 Qg7 27. f6 Qg6 28. b4 axb4
29. axb4 Rxa1 30. Rxa1 Nxd3 31. Bxd3 Qxd3 32. bxc5 bxc5 33. Bg3 Qg6 34. Qd6 Nd8
35. Qxc5 Bxg5 36. hxg5 Ne6 37. Qc6 Qxg5 38. Bd6 Rd8 39. Qe4 Qxf6 40. Be5 Qg6
41. Qe2 d3 42. Qd2 Qf5 43. Bb2 Nf4 44. Ra5 Qe4 45. Rg5+ Kf8 46. Ba3+ Ke8 0-1

[Event "ESP-chT Gp1"]
[Site "Burguillos"]
[Date "2008.08.14"]
[Round "2"]
[White "Cuenca Jimenez, Jose Fernando"]
[Black "Teran Alvarez, Ismael"]
[Result "0-1"]
[WhiteElo "2448"]
[BlackElo "2442"]
[PlyCount "96"]
[EventDate "2008.08.13"]
[EventType "team"]
[EventRounds "6"]
[EventCountry "ESP"]
[SourceTitle "CBM 126 Extra"]
[Source "ChessBase"]
[SourceDate "2008.11.05"]
[SourceVersion "1"]
[SourceVersionDate "2008.11.05"]
[SourceQuality "1"]

1. c4 e5 2. g3 Nf6 3. Bg2 h6 4. Nc3 Bb4 5. Qb3 Bxc3 6. Qxc3 O-O 7. Qxe5 Nc6 8.
Bxc6 bxc6 9. d3 Re8 10. Qc3 d5 11. f3 Qe7 12. Bd2 Bh3 13. Kf2 Bf5 14. b3 Rad8
15. Re1 Rd6 16. c5 Re6 17. d4 Nh7 18. h4 Nf6 19. h5 Bg4 20. Kf1 Bxh5 21. Rh2
Bg6 22. g4 Nh7 23. Nh3 Ng5 24. Nf4 Rf6 25. Rf2 Ne6 26. Nh3 Bh7 27. Rg2 g5 28.
Kg1 Ng7 29. Nf2 Re6 30. Nd3 f6 31. Rh2 h5 32. gxh5 Nf5 33. Nc1 Ne3 34. Kf2 Kh8
35. Bxe3 Rxe3 36. Qd2 Qe6 37. Rg1 Bf5 38. Rgg2 Kh7 39. Kg1 Kh6 40. Rf2 Bh7 41.
Qa5 g4 42. fxg4 Rg3+ 43. Kf1 Qe3 44. Qe1 Qxd4 45. Rhg2 Rxg2 46. Kxg2 Qxg4+ 47.
Kf1 Qh3+ 48. Rg2 Be4 0-1

[Event "ESP-chT Gp1"]
[Site "Burguillos"]
[Date "2008.08.14"]
[Round "3"]
[White "Cuenca Jimenez, Jose Fernando"]
[Black "Cramling, Pia"]
[Result "0-1"]
[WhiteElo "2448"]
[BlackElo "2544"]
[PlyCount "122"]
[EventDate "2008.08.13"]
[EventType "team"]
[EventRounds "6"]
[EventCountry "ESP"]
[SourceTitle "CBM 126 Extra"]
[Source "ChessBase"]
[SourceDate "2008.11.05"]
[SourceVersion "1"]
[SourceVersionDate "2008.11.05"]
[SourceQuality "1"]

1. e4 c5 2. Nf3 e6 3. d4 cxd4 4. Nxd4 Nc6 5. Nc3 Qc7 6. Be3 a6 7. Bd3 Nf6 8.
O-O Nxd4 9. Bxd4 Bc5 10. Bxc5 Qxc5 11. Qd2 d6 12. Kh1 e5 13. f4 Be6 14. Rae1
exf4 15. Qxf4 Qe5 16. Nd5 Qxf4 17. Rxf4 Bxd5 18. exd5+ Kd7 19. Rb4 Rab8 20.
Bf5+ Kd8 21. Kg1 Re8 22. Rxe8+ Kxe8 23. Bd3 Nd7 24. c3 Ke7 25. Kf2 a5 26. Rb5
b6 27. Ke3 g6 28. a4 Kf6 29. Kd4 Ra8 30. Bc2 Re8 31. Be4 Kg5 32. b4 f5 33. Bf3
Kf4 34. bxa5 bxa5 35. Rxa5 g5 36. Ra7 Nc5 37. Kc4 g4 38. Bd1 Re1 39. g3+ Kg5
40. Bc2 Re2 41. Bd3 Rxh2 42. a5 Ra2 43. Rxh7 Rxa5 44. Bc2 Ra2 45. Rh2 Rb2 46.
Rg2 Nd7 47. Be4 Rb8 48. Bc2 Ne5+ 49. Kd4 f4 50. gxf4+ Kxf4 51. Be4 Rc8 52. Rf2+
Nf3+ 53. Kd3 Kg3 54. Ra2 Ne5+ 55. Kd2 Kf4 56. Ra4 g3 57. Kc2 Ke3 58. Bg2 Rf8
59. Kb3 Rf2 60. Bh3 Rh2 61. Bf1 Kf2 0-1

[Event "ESP-chT Gp1"]
[Site "Burguillos"]
[Date "2008.08.15"]
[Round "4"]
[White "Herraiz Hidalgo, Herminio"]
[Black "Cuenca Jimenez, Jose Fernando"]
[Result "1-0"]
[WhiteElo "2507"]
[BlackElo "2448"]
[PlyCount "77"]
[EventDate "2008.08.13"]
[EventType "team"]
[EventRounds "6"]
[EventCountry "ESP"]
[SourceTitle "CBM 126 Extra"]
[Source "ChessBase"]
[SourceDate "2008.11.05"]
[SourceVersion "1"]
[SourceVersionDate "2008.11.05"]
[SourceQuality "1"]

1. d4 d6 2. Nf3 Nf6 3. c4 g6 4. Nc3 Bg7 5. e4 O-O 6. Be2 Na6 7. O-O e5 8. Re1
c6 9. d5 Nc5 10. Qc2 cxd5 11. cxd5 a5 12. Be3 Ng4 13. Bxc5 dxc5 14. Rad1 Bd7
15. Bb5 Bxb5 16. Nxb5 Qd7 17. a4 b6 18. h3 Nh6 19. Nd2 f6 20. Nc4 Rab8 21. Qb3
Nf7 22. Nba3 Rfd8 23. Qb5 Qe7 24. Qc6 Rdc8 25. Qe6 Re8 26. Qxe7 Rxe7 27. Re3
Bf8 28. Rb3 Reb7 29. Rb5 Be7 30. Rd3 Bd8 31. Rdb3 Ra7 32. Rxc5 f5 33. exf5 gxf5
34. d6 Rd7 35. Rc6 Kg7 36. Nb5 Kf6 37. Nc7 f4 38. Rbxb6 Rxb6 39. Nxb6 1-0

[Event "ESP-chT Gp1"]
[Site "Burguillos"]
[Date "2008.08.16"]
[Round "5"]
[White "Escobar Dominguez, Daniel"]
[Black "Cuenca Jimenez, Jose Fernando"]
[Result "0-1"]
[WhiteElo "2357"]
[BlackElo "2448"]
[PlyCount "98"]
[EventDate "2008.08.13"]
[EventType "team"]
[EventRounds "6"]
[EventCountry "ESP"]
[SourceTitle "CBM 126 Extra"]
[Source "ChessBase"]
[SourceDate "2008.11.05"]
[SourceVersion "1"]
[SourceVersionDate "2008.11.05"]
[SourceQuality "1"]

1. e4 d6 2. d4 Nf6 3. Nc3 e5 4. Nf3 Nbd7 5. Bc4 Be7 6. O-O O-O 7. Re1 c6 8. a4
b6 9. Ba2 a6 10. Be3 Ng4 11. Bd2 Ngf6 12. Be3 Qc7 13. Nh4 exd4 14. Bxd4 Ne5 15.
h3 Rb8 16. f4 Ng6 17. e5 Ne8 18. e6 Nxh4 19. exf7+ Rxf7 20. Bxf7+ Kxf7 21. Qh5+
Kf8 22. Ne4 h6 23. Nf6 Nxf6 24. Bxf6 Nf5 25. Bxe7+ Nxe7 26. Re2 Bd7 27. Rae1
Ng8 28. g4 Nf6 29. Qh4 Re8 30. g5 Rxe2 31. Rxe2 Ng8 32. Qh5 Qc8 33. Qg6 Qc7 34.
f5 hxg5 35. Qxg5 d5 36. Rg2 Be8 37. h4 Nf6 38. Qd2 c5 39. a5 bxa5 40. Qe2 Qd6
41. Qd2 a4 42. Qg5 Qe7 43. c3 Bh5 44. Qg3 Ng4 45. f6 Nxf6 46. Qb8+ Kf7 47. Rf2
Bg6 48. Kf1 Bd3+ 49. Kg2 Qe4+ 0-1

[Event "ESP-chT Gp1"]
[Site "Burguillos"]
[Date "2008.08.17"]
[Round "6"]
[White "Cuenca Jimenez, Jose Fernando"]
[Black "Jimenez Villena, Francisco Jose"]
[Result "1-0"]
[WhiteElo "2448"]
[BlackElo "2274"]
[PlyCount "41"]
[EventDate "2008.08.13"]
[EventType "team"]
[EventRounds "6"]
[EventCountry "ESP"]
[SourceTitle "CBM 126 Extra"]
[Source "ChessBase"]
[SourceDate "2008.11.05"]
[SourceVersion "1"]
[SourceVersionDate "2008.11.05"]
[SourceQuality "1"]

1. Nf3 d5 2. c4 e6 3. b3 Nf6 4. g3 Be7 5. Bg2 O-O 6. O-O c5 7. Bb2 Nc6 8. e3 b6
9. Nc3 Bb7 10. cxd5 Nxd5 11. Nxd5 Qxd5 12. Ne5 Qd6 13. Nc4 Qd7 14. Qg4 f6 15.
d4 b5 16. d5 Nd8 17. Na5 Bxd5 18. Rad1 Qc7 19. e4 h5 20. Qh3 Qxa5 21. exd5 1-0

[Event "San Sebastian op 32nd"]
[Site "San Sebastian"]
[Date "2009.04.04"]
[Round "1"]
[White "Galarraga Lasa, Jon Gurutz"]
[Black "Cuenca Jimenez, Jose Fernando"]
[Result "0-1"]
[WhiteElo "1809"]
[BlackElo "2426"]
[PlyCount "102"]
[EventDate "2009.04.04"]
[EventType "swiss"]
[EventRounds "9"]
[EventCountry "ESP"]
[SourceTitle "CBM 129 Extra"]
[Source "ChessBase"]
[SourceDate "2009.05.05"]
[SourceVersion "2"]
[SourceVersionDate "2009.05.20"]
[SourceQuality "1"]

1. e4 e5 2. Nf3 Nc6 3. Bb5 Nf6 4. O-O Nxe4 5. d4 Nd6 6. Ba4 e4 7. Re1 Be7 8.
Ne5 O-O 9. Nc3 Nf5 10. Rxe4 Nfxd4 11. Nxc6 Nxc6 12. Nd5 Bf6 13. c3 d6 14. Qe2
Be6 15. Bb3 Re8 16. Bd2 Bxd5 17. Rxe8+ Qxe8 18. Qxe8+ Rxe8 19. Bxd5 Nd8 20. Kf1
c6 21. Bf3 Ne6 22. Be3 a6 23. Rd1 d5 24. g3 g6 25. h4 h5 26. Rd3 Re7 27. Bb6
Be5 28. Ke2 d4 29. Kd2 dxc3+ 30. bxc3 Bc7 31. Bxc7 Rxc7 32. Kc2 Kg7 33. Rd6 Nc5
34. Kb2 Re7 35. Rd1 Re6 36. Kc2 Rf6 37. Bg2 Rxf2+ 38. Rd2 Rf6 39. Re2 Re6 40.
Rxe6 Nxe6 41. Kd3 Kf6 42. Kc4 Ke5 43. Kb4 Kd6 44. Ka5 Kc5 45. Bf1 Nc7 46. Ka4
Nd5 47. Kb3 Ne3 48. Bd3 b5 49. a4 Nf5 50. Bxf5 gxf5 51. axb5 axb5 0-1

[Event "San Sebastian op 32nd"]
[Site "San Sebastian"]
[Date "2009.04.05"]
[Round "2"]
[White "Cuenca Jimenez, Jose Fernando"]
[Black "Rodriguez Gonzalez, Alex"]
[Result "1-0"]
[WhiteElo "2426"]
[BlackElo "2032"]
[PlyCount "59"]
[EventDate "2009.04.04"]
[EventType "swiss"]
[EventRounds "9"]
[EventCountry "ESP"]
[SourceTitle "CBM 129 Extra"]
[Source "ChessBase"]
[SourceDate "2009.05.05"]
[SourceVersion "2"]
[SourceVersionDate "2009.05.20"]
[SourceQuality "1"]

1. Nf3 g6 2. c4 Bg7 3. d4 c5 4. d5 d6 5. e4 e6 6. Be2 Ne7 7. O-O exd5 8. cxd5
O-O 9. Nc3 a6 10. a4 Nd7 11. Bf4 Nf6 12. h3 h6 13. Nd2 g5 14. Bh2 Ng6 15. Nc4
Ne8 16. Bg4 Nf4 17. Bxc8 Rxc8 18. Bxf4 gxf4 19. Qg4 Kh7 20. Qxf4 Bf6 21. Rfe1
Rg8 22. e5 dxe5 23. Qf5+ Rg6 24. Ne4 Rc7 25. d6 Qd7 26. Qxd7 Rxd7 27. Nxc5 Rxd6
28. Nxd6 Nxd6 29. Nd7 e4 30. Nf8+ 1-0

[Event "San Sebastian op 32nd"]
[Site "San Sebastian"]
[Date "2009.04.06"]
[Round "3"]
[White "San Segundo Carrillo, Pablo"]
[Black "Cuenca Jimenez, Jose Fernando"]
[Result "1/2-1/2"]
[WhiteElo "2560"]
[BlackElo "2426"]
[PlyCount "79"]
[EventDate "2009.04.04"]
[EventType "swiss"]
[EventRounds "9"]
[EventCountry "ESP"]
[SourceTitle "CBM 129 Extra"]
[Source "ChessBase"]
[SourceDate "2009.05.05"]
[SourceVersion "2"]
[SourceVersionDate "2009.05.20"]
[SourceQuality "1"]

1. d4 Nf6 2. c4 g6 3. Nc3 Bg7 4. e4 d6 5. Nf3 O-O 6. Be2 Na6 7. O-O e5 8. Re1
c6 9. Be3 Ng4 10. Bg5 Qe8 11. h3 f6 12. Bc1 Nh6 13. Rb1 c5 14. dxe5 dxe5 15.
Nd5 Nf7 16. b4 cxb4 17. a3 b3 18. Qxb3 b6 19. Be3 f5 20. c5 f4 21. Bxa6 Bxa6
22. Bd2 bxc5 23. Nc7 Qc6 24. Nxa8 Rxa8 25. Rbd1 Re8 26. Qd5 Qxd5 27. exd5 Nd6
28. Bc3 e4 29. Bxg7 Kxg7 30. Ng5 Bc8 31. Rc1 h6 32. Ne6+ Bxe6 33. dxe6 c4 34.
Red1 Rxe6 35. Kf1 Kf6 36. Rd5 e3 37. fxe3 Nf5 38. Rd7 Nxe3+ 39. Kf2 Ra6 40. Rc3
1/2-1/2

[Event "San Sebastian op 32nd"]
[Site "San Sebastian"]
[Date "2009.04.07"]
[Round "4"]
[White "Cuenca Jimenez, Jose Fernando"]
[Black "Cifuentes Parada, Roberto"]
[Result "1/2-1/2"]
[WhiteElo "2426"]
[BlackElo "2531"]
[PlyCount "56"]
[EventDate "2009.04.04"]
[EventType "swiss"]
[EventRounds "9"]
[EventCountry "ESP"]
[SourceTitle "CBM 129 Extra"]
[Source "ChessBase"]
[SourceDate "2009.05.05"]
[SourceVersion "2"]
[SourceVersionDate "2009.05.20"]
[SourceQuality "1"]

1. Nf3 d5 2. d4 Nf6 3. c4 dxc4 4. e3 e6 5. Bxc4 c5 6. O-O Nc6 7. dxc5 Qxd1 8.
Rxd1 Bxc5 9. Nbd2 O-O 10. b3 Rd8 11. Bb2 Bd7 12. Be2 Be7 13. Nc4 Be8 14. Nfe5
Rac8 15. Rxd8 Nxd8 16. Ba3 Bxa3 17. Nxa3 Ne4 18. Bf3 Nc3 19. Nac4 Kf8 20. Nd6
Rc7 21. Kf1 g6 22. Nxe8 Kxe8 23. Nc4 b5 24. Rc1 Nxa2 25. Nd6+ Kd7 26. Rxc7+
Kxc7 27. Nxb5+ Kb6 28. Nd6 Kc5 1/2-1/2

[Event "San Sebastian op 32nd"]
[Site "San Sebastian"]
[Date "2009.04.08"]
[Round "5"]
[White "Thomassen, Joachim"]
[Black "Cuenca Jimenez, Jose Fernando"]
[Result "0-1"]
[WhiteElo "2289"]
[BlackElo "2426"]
[PlyCount "66"]
[EventDate "2009.04.04"]
[EventType "swiss"]
[EventRounds "9"]
[EventCountry "ESP"]
[SourceTitle "CBM 129 Extra"]
[Source "ChessBase"]
[SourceDate "2009.05.05"]
[SourceVersion "2"]
[SourceVersionDate "2009.05.20"]
[SourceQuality "1"]

1. d4 d6 2. c4 Nf6 3. Nc3 g6 4. e4 Bg7 5. Nf3 O-O 6. Be2 Na6 7. O-O e5 8. Be3
Ng4 9. Bg5 Qe8 10. dxe5 dxe5 11. h3 f6 12. Bd2 Nh6 13. c5 Nxc5 14. Qc1 Nf7 15.
Nd5 Ne6 16. Nxc7 Nxc7 17. Qxc7 Nd8 18. Rac1 Be6 19. b3 Rf7 20. Qa5 Nc6 21. Qa4
a6 22. Be3 Bf8 23. Bb6 Nb4 24. Qa5 Rd7 25. Bc4 Bxc4 26. Rxc4 Nc6 27. Qc3 Qe6
28. b4 Ne7 29. Be3 Rad8 30. a4 Rd3 31. Qc1 Nc6 32. b5 Ba3 33. Qc2 Nb4 0-1

[Event "San Sebastian op 32nd"]
[Site "San Sebastian"]
[Date "2009.04.09"]
[Round "6"]
[White "Cuenca Jimenez, Jose Fernando"]
[Black "Kogan, Artur"]
[Result "0-1"]
[WhiteElo "2426"]
[BlackElo "2541"]
[PlyCount "106"]
[EventDate "2009.04.04"]
[EventType "swiss"]
[EventRounds "9"]
[EventCountry "ESP"]
[SourceTitle "CBM 129 Extra"]
[Source "ChessBase"]
[SourceDate "2009.05.05"]
[SourceVersion "2"]
[SourceVersionDate "2009.05.20"]
[SourceQuality "1"]

1. Nf3 d5 2. d4 Nf6 3. c4 dxc4 4. e3 Bg4 5. Bxc4 e6 6. Nc3 Nbd7 7. O-O Bb4 8.
Be2 O-O 9. Qb3 c5 10. a3 Bxc3 11. bxc3 Qc7 12. h3 Bh5 13. Re1 Ne4 14. Ng5 Bxe2
15. Nxe4 c4 16. Qb4 Bd3 17. Qd6 Qa5 18. Qxd7 Bxe4 19. a4 Qxc3 20. Ba3 Rfd8 21.
Qe7 Qb3 22. a5 Rac8 23. Qb4 Rd5 24. f3 Bc2 25. Qxb3 cxb3 26. Bb2 Rb5 27. Rec1
Rc6 28. Ra3 h5 29. h4 Ra6 30. Rca1 Bd3 31. Rd1 Bc2 32. Rda1 f5 33. Kh2 Kf7 34.
Kg3 Rc6 35. Rc1 Ke7 36. Kf2 Kd6 37. Ke1 Kd5 38. Kd2 Rb4 39. Rh1 Rc8 40. Raa1
Rg8 41. Rh2 g5 42. hxg5 Rxg5 43. Ra3 Rc4 44. Ra1 Kc6 45. Rg1 Kb5 46. Bc3 Ra4
47. f4 Rg8 48. d5 Rd8 49. Rxh5 Rxd5+ 50. Bd4 Ra2 51. Rh7 Be4+ 52. Kc3 Ka4 53.
Kc4 Rc2+ 0-1

[Event "San Sebastian op 32nd"]
[Site "San Sebastian"]
[Date "2009.04.09"]
[Round "7"]
[White "Rubio Mejia, Luis Ignacio"]
[Black "Cuenca Jimenez, Jose Fernando"]
[Result "1/2-1/2"]
[WhiteElo "2363"]
[BlackElo "2426"]
[PlyCount "93"]
[EventDate "2009.04.04"]
[EventType "swiss"]
[EventRounds "9"]
[EventCountry "ESP"]
[SourceTitle "CBM 129 Extra"]
[Source "ChessBase"]
[SourceDate "2009.05.05"]
[SourceVersion "2"]
[SourceVersionDate "2009.05.20"]
[SourceQuality "1"]

1. d4 Nf6 2. c4 g6 3. Nc3 Bg7 4. e4 d6 5. Nf3 O-O 6. Be2 Na6 7. O-O e5 8. Be3
Ng4 9. Bg5 Qe8 10. dxe5 dxe5 11. h3 f6 12. Bd2 Nh6 13. Be3 c6 14. c5 Nf7 15.
Bxa6 bxa6 16. Qa4 Rb8 17. b3 Rb7 18. Rfe1 Re7 19. Rad1 f5 20. exf5 gxf5 21. Qh4
h6 22. Bf4 Re6 23. Bh2 Kh8 24. Kh1 f4 25. Ne4 Rg8 26. Nfd2 Rg6 27. Rg1 Be6 28.
f3 Bd5 29. Qf2 Qb8 30. Nc3 Ng5 31. Rge1 Ne6 32. Nde4 Nd4 33. Nd6 Be6 34. Bxf4
exf4 35. Rxd4 Bxd4 36. Qxd4+ R8g7 37. Qxf4 Qd8 38. Re2 Qd7 39. Kh2 Qd8 40. g4
Rf6 41. Qe5 Kg8 42. Ne8 Qxe8 43. Qxf6 Rg6 44. Qf4 Qe7 45. Ne4 Bd5 46. Rd2 Re6
47. Re2 1/2-1/2